[Event "Czech Christmas"]
[Site "Litomysl CZE"]
[Date "2004.12.28"]
[Round "4"]
[White "Krejci,Jak"]
[Black "Velicka,P"]
[Result "1/2-1/2"]
[WhiteElo "2257"]
[BlackElo "2427"]

1.e4 c5 2.Nf3 e6 3.d4 cxd4 4.Nxd4 Nc6 5.Nc3 Qc7 6.Be3 Nf6 7.Bd3 Nxd4 8.Bxd4 Bc5
9.Bxc5 Qxc5 10.O-O d6 11.Kh1 Bd7 12.f4 Bc6 13.Qe2 e5 14.fxe5 dxe5 15.Nd5 Bxd5
16.exd5 O-O-O 17.Qxe5 Qc7 18.Qf5+ Kb8 19.c4 h6 20.Rae1 Rhe8 21.b4 Rxe1 22.Rxe1 b5
23.d6 Rxd6 24.Qxb5+ Qb6 25.c5 Qxb5 26.Bxb5 Rd4 27.a3 a5 28.bxa5 Rd5 29.Rc1 Ne4
30.Bc6 Re5 31.Bxe4 Rxe4 32.c6 Kc7 33.Kg1 Re3 34.a4 Re4 35.Kf2 Rxa4 36.Rc5 Ra2+
37.Kf3 Ra3+ 38.Ke4 Ra2 39.Kf3 Ra3+ 40.Ke4 Ra2  1/2-1/2

[Event "31st Eastern Open"]
[Site "Washington DC USA"]
[Date "2004.12.28"]
[Round "6"]
[White "Fernandez,D"]
[Black "Zimmer,R"]
[Result "1-0"]
[WhiteElo "2391"]
[BlackElo "2281"]

1.e4 c5 2.Nf3 e6 3.Nc3 Nc6 4.d4 cxd4 5.Nxd4 Nf6 6.Ndb5 Bb4 7.a3 Bxc3+ 8.Nxc3 d5
9.exd5 exd5 10.Bd3 O-O 11.O-O d4 12.Ne4 Bf5 13.Bg5 Bxe4 14.Bxe4 h6 15.Bh4 g5
16.Bxc6 bxc6 17.Bg3 Qd5 18.Re1 Ne4 19.Qh5 Kg7 20.Rad1 Rae8 21.Qf3 f5 22.h3 f4
23.Bh2 c5 24.c3 Re6 25.Qd3 Rd8 26.Kf1 Rdd6 27.f3 Nf6 28.cxd4 c4 29.Qc3 Kf7
30.Rxe6 Qxe6 31.Re1 Qd5 32.Bg1 Qb5 33.Re2 a6 34.Bf2 Re6 35.Rxe6 Kxe6 36.Ke1 a5
37.h4 a4 38.Qc2 Kf7 39.hxg5 hxg5 40.Qe2 Qb3 41.d5 Nxd5 42.Qe5 c3 43.bxc3 Nxc3
44.Bc5 Nd5 45.Qf5+ Ke8 46.Qc8+ Kf7 47.Qd7+ Kg6 48.Qe8+ Kg7 49.Bd4+ Nf6 50.Qe7+ Kg8
51.Qd8+ Kh7 52.Qxf6 Qb1+ 53.Kf2  1-0

[Event "Czech Christmas"]
[Site "Litomysl CZE"]
[Date "2004.12.31"]
[Round "7"]
[White "Srba,M"]
[Black "Novak,Pa"]
[Result "1/2-1/2"]
[WhiteElo "2144"]
[BlackElo "2338"]

1.e4 c5 2.Nf3 Nc6 3.d4 cxd4 4.Nxd4 e6 5.Nc3 Qc7 6.Be3 a6 7.Bd3 Nf6 8.O-O Ne5
9.h3 Bc5 10.Qe1 b5 11.f4 Nxd3 12.cxd3 Qb6 13.Qf2 Bb7  1/2-1/2

[Event "Lidums Australian Open"]
[Site "Mount Buller AUS"]
[Date "2004.12.31"]
[Round "4"]
[White "Johansen,D"]
[Black "Bjelobrk,I"]
[Result "1/2-1/2"]
[WhiteElo "2483"]
[BlackElo "2377"]

1.e4 c5 2.Nf3 e6 3.d4 cxd4 4.Nxd4 Nc6 5.Nc3 Qc7 6.Be3 a6 7.Qd2 Nf6 8.O-O-O Bb4
9.f3 Na5 10.Nb3 d5 11.exd5 Nxd5 12.Bd4 Nxc3 13.bxc3 Ba3+ 14.Kb1 f6 15.Qe3  1/2-1/2

[Event "34th Rilton Cup"]
[Site "Stockholm SWE"]
[Date "2005.01.02"]
[Round "6"]
[White "Penttila,T"]
[Black "Alquist,E"]
[Result "1-0"]
[WhiteElo "2006"]
[BlackElo "2095"]

1.e4 c5 2.Nf3 e6 3.d4 cxd4 4.Nxd4 Nc6 5.Nc3 Qc7 6.Be3 a6 7.Be2 Nf6 8.O-O Bb4
9.Na4 Be7 10.c4 Nxe4 11.c5 O-O 12.Rc1 f5 13.g3 Nxd4 14.Qxd4 Bf6 15.Qd1 Re8
16.Qb3 Kh8 17.Nb6 Rb8 18.Rfd1 Qd8 19.Rc2 Be5 20.Qa4 Nf6 21.Bg5 h6 22.Bxf6 Qxf6
23.Nc4 Bc7 24.f4 g5 25.fxg5 Qxg5 26.Rd3 f4 27.Nd6 Rf8 28.Rf3 b5 29.Qd4+ e5
30.Qd3 Bxd6 31.Qxd6 Bb7 32.Rf2 Qg7 33.g4 f3 34.Bxf3 Bxf3 35.Rxf3 Qxg4+ 36.Rg3 Qf4
37.Qd1 Rf7 38.Rcg2 Rbf8 39.Re2 Rf5 40.a3 h5 41.Re1 h4 42.Rg4 Qf2+ 43.Kh1 R8f7
44.Qe2 Qxc5 45.Qg2 Qc6 46.Rxh4+ Rh7 47.Rhe4 Rfh5 48.Qf3 Rxh2+ 49.Kg1 Rh1+
50.Qxh1 Rxh1+ 51.Kxh1 Kg7 52.Kh2 Qh6+ 53.Kg3 d6 54.Rf1 Qh7 55.Rg4+ Qg6 56.Rxg6+ Kxg6
57.Rd1 Kf5 58.Rxd6 a5 59.Kf3 e4+ 60.Ke3 Ke5 61.Rb6  1-0

[Event "34th Rilton Cup"]
[Site "Stockholm SWE"]
[Date "2005.01.02"]
[Round "6"]
[White "De Firmian,N"]
[Black "Bellon Lopez,JuM"]
[Result "0-1"]
[WhiteElo "2550"]
[BlackElo "2425"]

1.e4 c5 2.Nf3 e6 3.d4 cxd4 4.Nxd4 Nc6 5.Nc3 Qc7 6.Be2 a6 7.O-O b5 8.Nxc6 dxc6
9.f4 Bb7 10.Bf3 b4 11.Na4 Rd8 12.Qe1 c5 13.b3 Nf6 14.Bb2 Bc6 15.e5 Bxf3 16.Rxf3 Nd5
17.f5 Qc6 18.Qf2 Rc8 19.Rf1 Rc7 20.Bc1 exf5 21.Rxf5 Qe6 22.Bg5 h6 23.Bh4 c4
24.bxc4 Nc3 25.Qf3 Qxc4 26.Nxc3 Qxc3 27.Qa8+ Rc8 28.Qxa6 Bc5+ 29.Kh1 O-O
30.Qe2 Rc6 31.Be1 Qd4 32.Bf2 Qd5 33.Qb5 Rd8 34.e6 Qxf5 35.Qxc6 Qxf2 36.Qa6 Qd4
37.exf7+ Kh8 38.Qe2 Bf8 39.h3 Qd5 40.Qe8 Qd7 41.Re1 Qd6 42.Re6 Qd4 43.Kh2 Qf4+  0-1

[Event "XI Open A"]
[Site "Bosnjaci CRO"]
[Date "2005.01.03"]
[Round "1"]
[White "Zelcic,R"]
[Black "Andrijevic,M"]
[Result "1-0"]
[WhiteElo "2531"]
[BlackElo "2402"]

1.e4 c5 2.Nf3 Nc6 3.d4 cxd4 4.Nxd4 e6 5.Nc3 Qc7 6.Be2 a6 7.O-O Nf6 8.a4 Bb4
9.Bg5 Qd6 10.Nxc6 Qxd1 11.Nxd1 bxc6 12.e5 Ne4 13.Bf4 g5 14.Bc1 Nd2 15.c3 Nb3
16.cxb4 Nxa1 17.Bxg5 Nc2 18.Bf6 Rf8 19.Bd3 Nxb4 20.Bxh7 Nd5 21.Bg7 f5 22.exf6 Rxf6
23.Bxf6 Nxf6 24.Bc2 Rb8 25.b3 Nd5 26.Ne3 Nb4 27.Bg6+ Ke7 28.f4 Nd5 29.Nxd5+ cxd5
30.f5 exf5 31.Bxf5 Rxb3 32.Rc1 Kf6 33.Bh7 Bb7 34.Rb1 Rxb1+ 35.Bxb1 a5 36.Kf2 d4
37.h4 Bc6 38.Bc2 d3 39.Bd1 Ke5 40.g3 Be4 41.Ke3 d5 42.Bg4 d4+ 43.Kd2 Bc6
44.Bd1 Be4 45.Bb3 Kf5 46.Bc4 Kg4 47.Bxd3 Bc6 48.Be2+ Kf5 49.Bd1 Bd7 50.g4+ Ke5
51.g5 Kf4 52.Bb3 Be8 53.Bc2  1-0

[Event "HSK IM"]
[Site "Hamburg GER"]
[Date "2005.01.03"]
[Round "3"]
[White "Lanka,Z"]
[Black "Stanke,J"]
[Result "1-0"]
[WhiteElo "2455"]
[BlackElo "2318"]

1.e4 c5 2.Nf3 e6 3.d4 cxd4 4.Nxd4 Nc6 5.Nc3 Qc7 6.Be2 Nf6 7.a3 a6 8.f4 d6
9.g4 d5 10.e5 Nd7 11.Be3 g5 12.f5 Qxe5 13.fxe6 fxe6 14.Nxe6 Qxe6 15.Nxd5 Qe5
16.Qd2 Bg7 17.O-O Nf6 18.Nb6 O-O 19.Nxa8 Be6 20.Nb6 Ne4 21.Qe1 Nd4 22.Bd1 Rxf1+
23.Qxf1 Nf6 24.Nc4 Qe4 25.Qd3 Qxd3 26.cxd3 Nxg4 27.Bxg5 b5 28.Nd2 Ne5 29.Bh5 h6
30.Bh4 Nxd3 31.Ne4 Nf5 32.Bf6 Nxb2 33.Bxg7 Kxg7 34.Nc5 Bc8 35.Kf2 Nc4 36.a4 Ncd6
37.axb5 Nxb5 38.Rg1+ Kh7 39.Kf3 Nbd6 40.Kf4 Ng7 41.Bg6+ Kg8 42.Ke5 Nc4+ 43.Kf6 Kf8
44.Bf7  1-0

[Event "34th Rilton Cup"]
[Site "Stockholm SWE"]
[Date "2005.01.03"]
[Round "7"]
[White "Ulibin,M"]
[Black "Cramling,P"]
[Result "0-1"]
[WhiteElo "2556"]
[BlackElo "2477"]

1.e4 c5 2.Nf3 e6 3.d4 cxd4 4.Nxd4 Nc6 5.Nc3 Qc7 6.f4 a6 7.Nb3 b5 8.Bd3 d6
9.Be3 Nf6 10.Qf3 Bb7 11.O-O h5 12.Kh1 Be7 13.a4 b4 14.Nd1 d5 15.Nf2 dxe4
16.Nxe4 Nxe4 17.Qxe4 Na5 18.Qd4 Nxb3 19.cxb3 Rd8 20.Qxg7 Bf6 21.Qxf6 Rg8
22.Rg1 Rxd3 23.Bf2 Rd2 24.Bg3 Bd5 25.Qh4 Qb7 26.h3 Bxg2+ 27.Kh2 Bf1+  0-1

[Event "Smartfish Masters"]
[Site "Drammen NOR"]
[Date "2005.01.05"]
[Round "9"]
[White "Shirov,A"]
[Black "Macieja,B"]
[Result "1-0"]
[WhiteElo "2726"]
[BlackElo "2613"]

1.e4 c5 2.Nf3 e6 3.d4 cxd4 4.Nxd4 Nc6 5.Nc3 Bb4 6.Nxc6 dxc6 7.Qxd8+ Kxd8
8.e5 Bxc3+ 9.bxc3 b6 10.Bg5+ Kc7 11.O-O-O Bb7 12.h4 h6 13.Bd2 Ne7 14.h5 Nf5
15.Bd3 Rae8 16.g4 Ne7 17.g5 c5 18.Rh3 hxg5 19.Bxg5 Nf5 20.Bf4 Kc8 21.Rg1 Rh7
22.h6 gxh6 23.Rh5 Rg7 24.Rxg7 Nxg7 25.Rxh6 Rf8 26.Rh7 Rg8 27.Bg5 Ne8 28.f4 Rg7
29.Rh8 Bc6 30.Rf8 Kd7 31.Kb2 b5 32.Bh6 Rg1 33.Rxf7+  1-0

[Event "Lidums Australian Open"]
[Site "Mount Buller AUS"]
[Date "2005.01.05"]
[Round "8"]
[White "Xie,G"]
[Black "Rej,T"]
[Result "1-0"]
[WhiteElo "2322"]
[BlackElo "2248"]

1.e4 c5 2.Nf3 e6 3.Nc3 Nc6 4.d4 cxd4 5.Nxd4 Nf6 6.a3 Bc5 7.Be3 Nxd4 8.Bxd4 Qb6
9.Bxc5 Qxc5 10.Qf3 O-O 11.Bd3 b6 12.Qg3 Bb7 13.e5 Ne8 14.O-O-O f5 15.Rhe1 Nc7
16.Qh4 Nd5 17.Nb5 Ba6 18.Nd6 Bxd3 19.Rxd3 b5 20.Red1 b4 21.Rxd5 exd5 22.axb4 Qc6
23.Qd4 Rab8 24.b5 Qa8 25.Rd3 Kh8 26.f4 Rb6 27.Rg3 Qd8 28.Qxd5 Qe7 29.Ra3 h6
30.g3 g5 31.Rxa7 gxf4 32.Qd4 Rbb8 33.gxf4 Qe6 34.b3 Rg8 35.b6 Rg2 36.b7 Rgg8
37.Kb2 Kh7 38.Qa4 Kh8 39.Ra8 Qd5 40.Rxb8 Rxb8 41.Qa7 Qg8 42.Qc5 Qf8 43.Qc7 Kg8
44.Nc8 Qb4 45.Qxb8 Qd4+ 46.Ka2  1-0

[Event "XI Open A"]
[Site "Bosnjaci CRO"]
[Date "2005.01.06"]
[Round "6"]
[White "Fercec,N"]
[Black "Zivanic,M"]
[Result "1-0"]
[WhiteElo "2477"]
[BlackElo "2435"]

1.e4 c5 2.Nf3 e6 3.d4 cxd4 4.Nxd4 Nc6 5.Nc3 Qc7 6.Be3 a6 7.Qd2 Nf6 8.O-O-O Bb4
9.f3 Ne5 10.Nb3 b5 11.Kb1 Be7 12.Qf2 d6 13.g4 O-O 14.g5 Nfd7 15.h4 Bb7 16.h5 b4
17.Ne2 a5 18.Nbd4 a4 19.g6 b3 20.Nc3 bxa2+ 21.Nxa2 a3 22.b3 Nc5 23.Bh3 Qb8
24.Bf4 Bf6 25.h6 fxg6 26.Bxe6+ Nxe6 27.Nxe6 Rf7 28.hxg7 Qc8 29.Rxd6 Nc4 30.Rxh7 Bxg7
31.Rxg7+ Rxg7 32.Qd4 Rh7 33.Rd8+ Qxd8 34.Nxd8  1-0

[Event "TCh-BEL2 2004-5"]
[Site "Belgium BEL"]
[Date "2005.01.09"]
[Round "6"]
[White "Ady,J"]
[Black "Kaufeld,J"]
[Result "1-0"]
[WhiteElo "2395"]
[BlackElo "2265"]

1.e4 c5 2.Nf3 e6 3.d4 cxd4 4.Nxd4 Nc6 5.Nc3 Qc7 6.Be2 a6 7.O-O Nf6 8.Kh1 h5
9.Nxc6 bxc6 10.f4 d5 11.e5 Ng4 12.Bxg4 hxg4 13.Qxg4 Bb7 14.f5 Qxe5 15.Bf4 Qxf5
16.Qg3 Qh5 17.Rae1 Qh4 18.Rxe6+ fxe6 19.Qg6+ Kd7 20.Na4 Qd8 21.Bg5 Be7 22.Rf7 Rf8
23.Nc5+ Kc8 24.Qxe6+ Kb8 25.Rxf8 Bxf8 26.Bxd8 Bxc5 27.Qd7 Ka7 28.c3 a5 29.h4 a4
30.g4 Be3 31.h5 a3 32.bxa3 c5 33.Bc7 Rf8 34.Kh2 d4 35.Qa4+ Ba6 36.Qc6 Rf6
37.Qxc5+ Kb7 38.cxd4 Rc6 39.Qe5 Rxc7 40.Qxe3 Bc4 41.Qe5  1-0

[Event "Keres Mem Rapid w"]
[Site "Tallinn EST"]
[Date "2005.01.09"]
[Round "5"]
[White "Tsiganova,M"]
[Black "Fomina,T"]
[Result "1-0"]
[WhiteElo "2211"]
[BlackElo "2207"]

1.e4 c5 2.Nf3 Nc6 3.d4 cxd4 4.Nxd4 e6 5.Nc3 Qc7 6.g3 a6 7.Bg2 b5 8.O-O Bb7
9.Be3 Nf6 10.Nb3 Be7 11.Nc5 Rb8 12.Nxb7 Rxb7 13.f4 h5 14.Kh1 Na5 15.Bd4 Bc5
16.e5 Ng4 17.Bxc5 Qxc5 18.Ne4 Qb6 19.Nd6+ Kf8 20.Nxb7 Nxb7 21.Qxd7 Nc5 22.Qc8+ Ke7
23.Qxh8 Ne3 24.Qxg7  1-0

[Event "Keres Mem Rapid"]
[Site "Tallinn EST"]
[Date "2005.01.09"]
[Round "6"]
[White "Rytshagov,M"]
[Black "Gelfand,B"]
[Result "0-1"]
[WhiteElo "2442"]
[BlackElo "2693"]

1.e4 c5 2.Nf3 e6 3.d4 cxd4 4.Nxd4 Nc6 5.Nc3 d6 6.Be3 Nf6 7.f4 e5 8.fxe5 Ng4
9.Bg1 Ngxe5 10.Qd2 Be7 11.O-O-O Nxd4 12.Bxd4 O-O 13.Nd5 Be6 14.Be3 Bxd5 15.Qxd5 Ng4
16.Bd4 Qc7 17.Bc4 Nf6 18.Bxf6 Bxf6 19.Rhf1 Be5 20.Rf3 Rac8 21.Bb3 Kh8 22.Rdf1 f6
23.h4 Qb6 24.g4 a5 25.a4 Rc5 26.Qd1 Qb4 27.Qd3 b5 28.Qd2 Bxb2+ 29.Kd1 Qxd2+
30.Kxd2 bxa4 31.Bxa4 Rc4 32.Bb3 Rxe4 33.Rf4 Re5 34.g5 Rc5 35.Rf5 Bc3+ 36.Kd3 Be5
37.h5 g6 38.hxg6 hxg6  0-1

[Event "Keres Mem Rapid w"]
[Site "Tallinn EST"]
[Date "2005.01.09"]
[Round "7"]
[White "Sarakauskiene,Z"]
[Black "Fomina,T"]
[Result "0-1"]
[WhiteElo "2183"]
[BlackElo "2207"]

1.e4 c5 2.Nf3 e6 3.d4 cxd4 4.Nxd4 Nc6 5.Nc3 Qc7 6.Ndb5 Qb8 7.a4 a6 8.Na3 Nf6
9.Bd3 d5 10.O-O Be7 11.exd5 exd5 12.h3 O-O 13.Re1 Be6 14.Qf3 Qd8 15.b3 Bb4
16.Bd2 Qd6 17.Nab1 Ne5 18.Qg3 Nxd3 19.Qxd3 Rac8 20.Ne2 Ne4 21.Bf4 Qc5 22.Be3 Qxc2
23.Rd1 Qxd3 24.Rxd3 Nc5 25.Bxc5 Rxc5 26.Nd2 Rc2 27.Rd1 Rfc8 28.Nd4 Rxd2 29.R3xd2 Bxd2
30.Rxd2 Kf8 31.Kf1 Ke7 32.Ke2 Kd6 33.f4 g6 34.g4 Rc3 35.Rd3 Rc1 36.Kf3 Bd7
37.Kg3 Kc5 38.Kh4 h6 39.Kg3 Kb4 40.Kf2 Rc3 41.Ke3 f5  0-1

[Event "11th Open"]
[Site "Verona ITA"]
[Date "2005.01.09"]
[Round "9"]
[White "Brunello,S"]
[Black "Borgo,G"]
[Result "1-0"]
[WhiteElo "2258"]
[BlackElo "2388"]

1.e4 c5 2.Nf3 Nc6 3.Nc3 e6 4.d4 cxd4 5.Nxd4 Qb6 6.Nb3 Nf6 7.Be3 Qc7 8.f4 d6
9.g4 h6 10.Qe2 a6 11.Bg2 b5 12.O-O-O b4 13.Na4 Rb8 14.Kb1 Be7 15.h4 h5 16.g5 Ng4
17.Bg1 g6 18.e5 d5 19.Bf3 Na7 20.Nac5 Nb5 21.Bxg4 hxg4 22.Qxg4 Rh5 23.Rh3 a5
24.Na4 Qc6 25.Bc5 Bd8 26.Qg1 Bd7 27.Qf2 Nc7 28.Ba7 Ra8 29.Nb6 Rxa7 30.Nxd7 Nb5
31.Nf6+ Bxf6 32.exf6 a4 33.Nd4 Qb6 34.Qg1 Nc3+ 35.bxc3 bxc3+ 36.Nb3 Qxg1
37.Rxg1 Rb7 38.Rgg3 axb3 39.axb3 d4 40.Rd3 Rd7 41.Ka2 Rd5 42.b4 Kd7 43.Kb3 Rh8
44.Rd1 Kd6 45.Rhd3 Rxh4 46.Rxd4 Rxf4 47.Kxc3 Rf5 48.Kb3 Kc6 49.c4 Rxd4 50.Rxd4 Rxg5
51.Rd8 Rf5 52.b5+ Kc7 53.Re8 Rxf6 54.Kb4 Rf1 55.Re7+ Kd6 56.Ra7 Rb1+ 57.Ka5 f5
58.Kb6 Rc1 59.Rc7 f4 60.c5+ Kd5 61.Rd7+ Kc4 62.Kc6 e5 63.b6 f3 64.b7 Rb1
65.Rf7 e4 66.Kd6 e3 67.Rxf3  1-0

[Event "HSK IM"]
[Site "Hamburg GER"]
[Date "2005.01.10"]
[Round "11"]
[White "Murdzia,P"]
[Black "Stanke,J"]
[Result "1-0"]
[WhiteElo "2454"]
[BlackElo "2318"]

1.e4 c5 2.Nf3 e6 3.d4 cxd4 4.Nxd4 Nc6 5.Nc3 Qc7 6.g3 a6 7.Bg2 d6 8.O-O Be7
9.Nde2 Nf6 10.h3 b5 11.g4 h6 12.Ng3 b4 13.Nce2 Bb7 14.f4 Qb6+ 15.Kh2 g5 16.a3 gxf4
17.Nxf4 Ne5 18.Nfh5 Nxh5 19.Nxh5 Bg5 20.Bxg5 hxg5 21.Qd2 Rxh5 22.gxh5 bxa3
23.Rxa3 g4 24.Rb3 Qc7 25.Qg5 gxh3 26.Kxh3 Bc6 27.Rg3 Kd7 28.Qxe5 dxe5 29.Rxf7+  1-0

[Event "XXX Open"]
[Site "Seville ESP"]
[Date "2005.01.10"]
[Round "4"]
[White "Rodriguez Guerrero,E"]
[Black "Lazaro Porta,A"]
[Result "1-0"]
[WhiteElo "2433"]
[BlackElo "2068"]

1.e4 c5 2.Nf3 e6 3.d4 cxd4 4.Nxd4 Nc6 5.Nc3 Qc7 6.Be2 a6 7.O-O b5 8.Nxc6 dxc6
9.f4 b4 10.Na4 Bd7 11.b3 Nf6 12.Bd3 c5 13.Nb2 Bb5 14.Qe2 Qc6 15.a4 bxa3 16.Nc4 Bxc4
17.bxc4 Nd7 18.e5 Qc7 19.Be4 Ra7 20.Rxa3 Be7 21.Bd2 Bd8 22.Ba5 Qc8 23.Bxd8 Qxd8
24.Qd3 Qc7 25.Rfa1 Nb8 26.Ra5 g6 27.Qe3 O-O 28.Qxc5 Rc8 29.Qxc7 Raxc7 30.Bd3 Rc5
31.Kf2 Kg7 32.Ke3 f6 33.Rxc5 Rxc5 34.Kd4 Rc7 35.Be4 f5 36.Bf3 Kf7 37.c5 Ke7
38.Rb1 Nd7 39.c6 Nf8 40.h4 h6 41.g3 Nh7 42.Kc5 g5 43.Rb7  1-0

[Event "XXX Open"]
[Site "Seville ESP"]
[Date "2005.01.10"]
[Round "4"]
[White "Naranjo Moreno,A"]
[Black "Barrientos,S"]
[Result "0-1"]
[WhiteElo "2169"]
[BlackElo "2435"]

1.e4 c5 2.Nf3 e6 3.d4 cxd4 4.Nxd4 Nc6 5.Nc3 Nf6 6.Ndb5 d6 7.Bf4 e5 8.Bg5 a6
9.Na3 b5 10.Bxf6 gxf6 11.Nd5 f5 12.Bd3 Be6 13.O-O Bxd5 14.exd5 Ne7 15.c3 Bg7
16.Qh5 e4 17.Bc2 Qc8 18.Rae1 O-O 19.Bb3 a5 20.Nxb5 a4 21.Bd1 Qc5 22.Nd4 Qxd5
23.Re3 Ra5 24.b3 axb3 25.Bxb3 Qe5 26.f4 Qf6 27.Rg3 Rc5 28.Kh1 Rfc8 29.Ne2 d5
30.Rd1 h6 31.Qh3 Kf8 32.Nd4 Rd8 33.c4 Rdc8 34.cxd5 Rc1 35.Nc6 Rxd1+ 36.Bxd1 Nxc6
37.dxc6 Rd8  0-1

[Event "XXX Open"]
[Site "Seville ESP"]
[Date "2005.01.12"]
[Round "6"]
[White "Korneev,O"]
[Black "Bellon Lopez,JuM"]
[Result "1-0"]
[WhiteElo "2583"]
[BlackElo "2425"]

1.e4 c5 2.Nf3 e6 3.d4 cxd4 4.Nxd4 Nc6 5.Nc3 Qc7 6.Be3 a6 7.Qd2 Nf6 8.f3 Ne5
9.O-O-O Bb4 10.Nb3 Be7 11.f4 Nc4 12.Bxc4 Qxc4 13.e5 Ne4 14.Nxe4 Qxe4 15.Bc5 Bxc5
16.Nxc5 Qc6 17.Qe3 O-O 18.Rd6 Qc7 19.Rhd1 b5 20.Nxd7 Bxd7 21.Rxd7 Qc4 22.b3 Qc6
23.Qf3 Qxf3 24.gxf3 h5 25.h4 Kh7 26.Kb2 b4 27.a3 a5 28.axb4 axb4 29.Rb7 Rab8
30.Rdd7 Kg6 31.Kc1 Rfd8 32.Rxb4 Rxb4 33.Rxd8 Rxf4 34.c4 Rxh4 35.c5 Rb4 36.Kb2 Rb5
37.Rc8 Kf5 38.Kc3 Kxe5 39.b4 Rb7 40.c6 Rb6 41.Kc4 Kd6 42.b5 h4 43.Rd8+ Kc7
44.Rd7+  1-0

[Event "Tch-FIN 2004-5"]
[Site "Finland FIN"]
[Date "2005.01.15"]
[Round "6"]
[White "Parkkinen,J"]
[Black "Pulkkinen,K"]
[Result "0-1"]
[WhiteElo "2261"]
[BlackElo "2319"]

1.e4 c5 2.Nc3 e6 3.Nf3 Nc6 4.d4 cxd4 5.Nxd4 d6 6.Be3 Nf6 7.Bc4 Be7 8.O-O O-O
9.Bb3 a6 10.f3 Bd7 11.Qe2 Rc8 12.Nxc6 Bxc6 13.Rfd1 Qc7 14.Qf2 b5 15.a3 Nd7
16.Qg3 Rfd8 17.Bg5 Bxg5 18.Qxg5 Qa7+ 19.Kh1 Qc5 20.Qg3 Ne5 21.Ne2 Nc4 22.Bxc4 bxc4
23.Nd4 Ba8 24.b4 cxb3 25.cxb3 Qe5 26.b4 g6 27.Qxe5 dxe5 28.Nb3 Kg7 29.Rxd8 Rxd8
30.Nc5 Rd6 31.Kg1 f5 32.Rb1 Kf7 33.a4 Ke7 34.b5 axb5 35.axb5 Rb6 36.Na4 Rb8
37.b6 Kd6 38.exf5 exf5 39.Rb4 Bc6 40.Kf2 Bxa4 41.Rxa4 Rxb6 42.Ra2 Ke6 43.Re2 h5
44.Rd2 Rb4 45.Ra2 Rd4 46.Ra6+ Rd6 47.Ra2 Kf6 48.Rb2 h4 49.Re2 Rd1 50.Ra2 Kg5
51.Ra4 Rd2+ 52.Kg1 Rd4 53.Ra2 h3 54.gxh3 Kf4 55.Kg2 Ke3 56.Ra5 Rd2+ 57.Kg3 f4+
58.Kh4 Kxf3 59.Rxe5 Rxh2 60.Re6 g5+ 61.Kxg5 Rxh3 62.Kf5 Rh5+ 63.Kg6 Ra5  0-1

[Event "Open"]
[Site "Prague CZE"]
[Date "2005.01.15"]
[Round "3"]
[White "Simacek,P"]
[Black "Khmelevskyi,S"]
[Result "1-0"]
[WhiteElo "2432"]
[BlackElo "2272"]

1.e4 c5 2.Nf3 e6 3.d4 cxd4 4.Nxd4 Nc6 5.Nc3 Qc7 6.g3 Nf6 7.Ndb5 Qb8 8.Bf4 e5
9.Bg5 a6 10.Bxf6 gxf6 11.Na3 b5 12.Nd5 Bg7 13.Bh3 Ne7 14.Qg4 Rg8 15.Nxe7 Kxe7
16.Qh5 d6 17.O-O Bxh3 18.Qxh3 Qc8 19.Qxc8 Rgxc8 20.c3 Bh6 21.Rad1 b4 22.cxb4 Rab8
23.b3 Rxb4 24.Nc4 Rbxc4 25.bxc4 Rxc4 26.Rfe1 Rc2 27.Ra1 Ke6 28.Kf1 Rc4 29.Rad1 Bf8
30.g4 Bh6 31.Rd3 Bf4 32.Red1 Ra4 33.Rxd6+ Ke7 34.Rd7+ Ke8 35.Rd8+ Ke7 36.R1d7+ Ke6
37.Rd6+ Ke7 38.R8d7+ Ke8 39.Ra7 Rxa2 40.Rxf6  1-0

[Event "TCh-SWE Elitserien 2004-5"]
[Site "Sweden SWE"]
[Date "2005.01.15"]
[Round "6"]
[White "Astrom,G"]
[Black "Lundin,An"]
[Result "1-0"]
[WhiteElo "2308"]
[BlackElo "2238"]

1.e4 c5 2.Nf3 e6 3.d4 cxd4 4.Nxd4 Nc6 5.Nc3 d6 6.Be2 Nf6 7.Be3 Be7 8.f4 O-O
9.O-O a6 10.a4 Qc7 11.Kh1 Re8 12.Bf3 Bf8 13.g4 Nxd4 14.Bxd4 e5 15.Be3 d5
16.Nxd5 Nxd5 17.exd5 exf4 18.Bd4 Bd7 19.b3 Bc5 20.c4 Qb6 21.a5 Qb4 22.Bxc5 Qxc5
23.Qd2 Re3 24.Bd1 Rae8 25.Rc1 h5 26.b4 Qe7 27.Rxf4 Re1+ 28.Kg2 Ba4 29.Bf3 hxg4
30.Rxg4 Rxc1 31.Qxc1 Qxb4 32.c5 Qxa5 33.Qa1 Qd2+ 34.Kg3 g6 35.Qxa4 Qe1+ 36.Kg2 Qd2+
37.Kg3 Qe1+ 38.Kh3 Qf1+ 39.Bg2 Re3+ 40.Rg3 Qf5+ 41.Qg4 Qxg4+ 42.Kxg4  1-0

[Event "Corus C"]
[Site "Wijk aan Zee NED"]
[Date "2005.01.21"]
[Round "6"]
[White "Spoelman,W"]
[Black "Alekseev,Evgeny"]
[Result "0-1"]
[WhiteElo "2381"]
[BlackElo "2605"]

1.e4 c5 2.Nf3 Nc6 3.d4 cxd4 4.Nxd4 e6 5.Nc3 d6 6.Be3 Nf6 7.f4 Be7 8.Qf3 O-O
9.O-O-O Qc7 10.h3 a6 11.g4 b5 12.g5 Nd7 13.Kb1 b4 14.Nce2 Bb7 15.h4 Rac8
16.Rc1 Nxd4 17.Nxd4 Nc5 18.Bd3 Qd7 19.Rcd1 f5 20.gxf6 Bxf6 21.Rhg1 Kh8 22.h5 a5
23.Nb3 Nxd3 24.cxd3 a4 25.Nd4 b3 26.a3 e5 27.fxe5 Bxe5 28.Qg4 Qxg4 29.Rxg4 h6
30.Nf5 Rxf5 31.exf5 Bf3 32.Rgg1 Bxd1 33.Rxd1 Rc2 34.Rd2 Rxd2 35.Bxd2 Kg8
36.Be3 Kf7 37.d4 Bg3 38.Kc1 d5 39.Kd2 Kf6 40.Kd3 Kxf5 41.Bd2 Kg4 42.Kc3 Bd6
43.Kd3 Kxh5 44.Bb4 Bg3 45.Bf8 g5 46.Ke2 g4 47.Be7 Kg6  0-1

[Event "IMA2"]
[Site "Marianske Lazne CZE"]
[Date "2005.01.22"]
[Round "1"]
[White "Rutkowski,M"]
[Black "Holemar,D"]
[Result "1/2-1/2"]
[WhiteElo "2306"]
[BlackElo "2305"]

1.e4 c5 2.Ne2 Nc6 3.Nbc3 e6 4.d4 cxd4 5.Nxd4 Qc7 6.Be2 a6 7.O-O Nf6 8.Be3 Be7
9.f4 d6 10.Bf3 O-O 11.Qe1 Nxd4 12.Bxd4 e5 13.Be3 exf4 14.Bxf4 Qb6+ 15.Kh1 Be6
16.Nd5 Bxd5 17.exd5 Rfe8 18.Qg3 Bf8 19.b3 Nd7 20.Rae1 Rxe1 21.Rxe1 Nf6 22.c4 Re8
23.Rxe8 Nxe8 24.Qe1 Qd4 25.Be3 Nf6 26.h3 Nd7 27.Bg4 Ne5 28.Bc8 b5 29.Bxa6 bxc4
30.bxc4 Nxc4 31.Bxc4 Qxc4 32.Qa5 f5 33.Qd2 h6 34.Bf2  1/2-1/2

[Event "Club Championship"]
[Site "Sao Paulo BRA"]
[Date "2005.01.22"]
[Round "1"]
[White "Bachmann,Ax"]
[Black "Crosa,M"]
[Result "1-0"]
[WhiteElo "2314"]
[BlackElo "2401"]

1.e4 c5 2.Nf3 Nc6 3.Nc3 e6 4.d4 cxd4 5.Nxd4 Qc7 6.Nb3 Nf6 7.Bd3 Be7 8.O-O O-O
9.f4 d6 10.a3 a6 11.Qe2 b5 12.Be3 Rb8 13.g4 b4 14.axb4 Nxb4 15.g5 Nd7 16.Nd4 Re8
17.Qf2 Bf8 18.Rad1 g6 19.Nf3 Bb7 20.Bd4 Ba8 21.Ne2 e5 22.Bc3 d5 23.Nxe5 Nxe5
24.Bxe5 Rxe5 25.fxe5 dxe4 26.e6 exd3 27.exf7+ Kh8 28.Qd4+  1-0

[Event "Club Championship"]
[Site "Sao Paulo BRA"]
[Date "2005.01.23"]
[Round "3"]
[White "Morales Mendoza,L"]
[Black "Tsuboi,E"]
[Result "0-1"]
[WhiteElo "2141"]
[BlackElo "2380"]

1.e4 c5 2.Nf3 Nc6 3.d4 cxd4 4.Nxd4 e6 5.Nc3 Qc7 6.g3 a6 7.Bg2 Nf6 8.O-O Bc5
9.Be3 Ne5 10.Bf4 d6 11.Nde2 b5 12.h3 Bb7 13.a3 h6 14.b3 Rd8 15.Qc1 d5 16.exd5 Nxd5
17.Nxd5 Bxd5 18.Qb2 f6 19.Bxe5 fxe5 20.Rad1 O-O 21.Bxd5 exd5 22.Kg2 Ba7 23.f3 Rf6
24.c3 Qc6 25.Rd3 e4 26.Nd4 Qd7 27.Re3 Bxd4 28.cxd4 Rc8 29.Rc3 Rxc3 30.Qxc3 Qe7
31.fxe4 Qxe4+ 32.Kg1 Rxf1+ 33.Kxf1 Qh1+ 34.Kf2 Qh2+ 35.Kf3 Qxh3 36.Qc6 Qf5+
37.Kg2 Qe4+ 38.Kh3 h5 39.Kh2 Kh7 40.a4 Qe2+ 41.Kh3 Qf3 42.Kh2 Qxb3 43.a5 Qb2+
44.Kh3 Qxd4 45.Qxa6 Qg1 46.Kh4 Qh2+ 47.Kg5 Qxg3+ 48.Kf5 Qg4+ 49.Ke5 Qe4+  0-1

[Event "It"]
[Site "Chernigov UKR"]
[Date "2005.01.24"]
[Round "3"]
[White "Savinov,Vi"]
[Black "Mazurok,A"]
[Result "1-0"]
[WhiteElo "2482"]
[BlackElo "2427"]

1.e4 c5 2.Nf3 e6 3.d4 cxd4 4.Nxd4 Nc6 5.Nc3 Qc7 6.Be2 a6 7.O-O b5 8.Nxc6 dxc6
9.f4 Bb7 10.Be3 c5 11.f5 Rd8 12.Qe1 b4 13.fxe6 fxe6 14.Rxf8+ Kxf8 15.Na4 Bxe4
16.Nxc5 Bf5 17.g4 Qe5 18.Qf2 Nf6 19.gxf5 exf5 20.Bc4 Ng4 21.Ne6+ Ke8 22.Bf4 Qxe6
23.Bxe6 Nxf2 24.Kxf2 Ke7 25.Bxf5  1-0

[Event "Club Championship"]
[Site "Sao Paulo BRA"]
[Date "2005.01.26"]
[Round "5"]
[White "Limberg,E"]
[Black "Tsuboi,E"]
[Result "1-0"]
[WhiteElo "2076"]
[BlackElo "2380"]

1.e4 c5 2.Nf3 Nc6 3.Nc3 e6 4.d4 cxd4 5.Nxd4 Qc7 6.Be2 a6 7.O-O Nf6 8.Nb3 b5
9.a3 Bb7 10.f4 d6 11.Be3 Be7 12.Bf3 O-O 13.g4 d5 14.exd5 Nxd5 15.Nxd5 exd5
16.Qxd5 Na5 17.Qd2 Nxb3 18.cxb3 Bxf3 19.Rxf3 Rfd8 20.Qe2 Qb7 21.Rh3 Rac8
22.Rf1 Qe4 23.Qf3 Qc2 24.Qg2 Qxb3 25.Qe4 Qd3 26.Qxe7 Re8 27.Qa7 Rc2 28.Qd4 Qe2
29.Rf2 Qe1+ 30.Kg2 Rc4 31.Qd2 Qb1 32.Rhf3 Qe4 33.b4 h5 34.h3 Rec8 35.Bc5 Re8
36.Kg3 Qh7 37.Re3 Rce4 38.Rfe2 Qg6 39.Rxe4 Rxe4 40.Rxe4 Qxe4 41.Qe3 Qh1 42.gxh5  1-0

[Event "Club Championship"]
[Site "Sao Paulo BRA"]
[Date "2005.01.26"]
[Round "6"]
[White "Van Riemsdijk,H"]
[Black "Tsuboi,E"]
[Result "1/2-1/2"]
[WhiteElo "2409"]
[BlackElo "2380"]

1.e4 c5 2.Nf3 Nc6 3.d4 cxd4 4.Nxd4 e6 5.Nc3 Qc7 6.g3 a6 7.Bg2 Nf6 8.O-O Nxd4
9.Qxd4 Bc5 10.Bf4 d6 11.Qd2 h6 12.Rad1 e5 13.Be3 Be6 14.Bxc5 dxc5 15.Nd5 Bxd5
16.exd5 Qd6 17.f4 O-O 18.fxe5 Qxe5 19.d6 Qxb2 20.Rb1 Qxa2 21.Rxb7 Rad8 22.d7 Qe6
23.Rd1 Ne4 24.Qd5 Qxd5 25.Rxd5 f5 26.Bf1 Rf6 27.Bd3 Kf8 28.Ra7 Ke7 29.Bxa6 Rd6
30.Rxf5 Rd1+ 31.Rf1 Rxf1+ 32.Bxf1 Rxd7 33.Ra4 Rd4 34.Ra7+  1/2-1/2

[Event "Open"]
[Site "Geneva SUI"]
[Date "2005.01.27"]
[Round "6"]
[White "Vuilleumier,A"]
[Black "Bieri,C"]
[Result "1-0"]
[WhiteElo "2280"]
[BlackElo "2141"]

1.Nf3 c5 2.e4 e6 3.d4 cxd4 4.Nxd4 Nc6 5.Nc3 a6 6.Be3 Nf6 7.Bd3 d5 8.exd5 Nxd5
9.Nxc6 bxc6 10.Nxd5 cxd5 11.Bd4 Qg5 12.Qf3 h5 13.h4 Qg4 14.Qe3 Bd6 15.Be2 Qg6
16.O-O-O f6 17.Bc5 Bxc5 18.Qxc5 Bd7 19.Bd3 Qh6+ 20.Kb1 Rc8 21.Qa7 Rd8 22.Bxa6 O-O
23.Qe3 Qg6 24.Bd3 Qf7 25.f4 Ra8 26.Qg3 f5 27.Rhe1 Rfb8 28.Qe3 Qe7 29.Bxf5 Kh8
30.Rxd5 Qb4 31.Qe5 Ba4 32.Bg6  1-0